[Event "Stuttgarter Stadtmeisterschaft A"]
[Site "Ditzingen"]
[Date "2008.05.01"]
[Round "1.28"]
[White "Ringoir, Guy"]
[Black "Nabavi, Parwis"]
[Result "1/2-1/2"]
[WhiteElo "1941"]
[BlackElo "2185"]
[PlyCount "50"]
[EventDate "2008.05.??"]
[EventType "swiss"]
[EventRounds "7"]
[EventCountry "GER"]
[BlackTeam "SGEM Dreisamtal"]

1. e4 c5 2. Nc3 Nc6 3. f4 g6 4. Nf3 Bg7 5. Bb5 Nd4 6. O-O Nxb5 7. Nxb5 d5 8.
exd5 a6 9. Nc3 Nf6 10. d4 Nxd5 11. dxc5 Nxc3 12. Qxd8+ Kxd8 13. bxc3 Bxc3 14.
Rb1 Kc7 15. Rb3 Bg7 16. Bd2 a5 17. Rfb1 Ra7 18. Be3 Ra6 19. Rb5 Rd8 20. Bd2
Rxd2 21. Nxd2 Bd4+ 22. Kf1 Be3 23. Nc4 Bxf4 24. g3 Bh6 25. Rb6 Ra7 1/2-1/2

[Event "Stuttgarter Stadtmeisterschaft A"]
[Site "Ditzingen"]
[Date "2008.05.01"]
[Round "1.29"]
[White "Schulte, Torsten"]
[Black "Lörincz, Benjamin"]
[Result "1-0"]
[WhiteElo "2185"]
[BlackElo "1935"]
[PlyCount "81"]
[EventDate "2008.05.??"]
[EventType "swiss"]
[EventRounds "7"]
[EventCountry "GER"]
[WhiteTeam "SC Eppingen"]
[BlackTeam "SK Lauffen"]

1. d4 d5 2. c4 e6 3. Nc3 c6 4. Nf3 f5 5. g3 Nf6 6. Bg2 Bd6 7. O-O O-O 8. Bg5
Qe8 9. Bxf6 Rxf6 10. e3 Nd7 11. Ne2 Rh6 12. Nf4 Qe7 13. Rc1 g5 14. Nd3 Qg7 15.
b4 g4 16. Nd2 Qg5 17. Re1 Qh5 18. Nf1 Nf6 19. Nf4 Qf7 20. b5 Bd7 21. bxc6 bxc6
22. Qd3 Bxf4 23. exf4 Rg6 24. cxd5 cxd5 25. Qa6 Qe8 26. Ne3 Ne4 27. Qa5 Rg7 28.
Rc7 Bb5 29. Rec1 Rxc7 30. Rxc7 a6 31. a4 Bc6 32. Bxe4 dxe4 33. Qe5 Bd7 34. d5
Rc8 35. Ra7 exd5 36. Qxd5+ Be6 37. Qb7 Bf7 38. Nxf5 Qe6 39. Ne7+ Kh8 40. Qxc8+
Qxc8 41. Nxc8 1-0

[Event "Stuttgarter Stadtmeisterschaft A"]
[Site "Ditzingen"]
[Date "2008.05.01"]
[Round "1.30"]
[White "Renke, Mathias"]
[Black "Wagner, Florian"]
[Result "0-1"]
[WhiteElo "1933"]
[BlackElo "2183"]
[PlyCount "80"]
[EventDate "2008.05.??"]
[EventType "swiss"]
[EventRounds "7"]
[EventCountry "GER"]
[WhiteTeam "SV Ottenbronn"]
[BlackTeam "SC Noris Tarrasch Nürnberg"]

1. Nf3 c5 2. c4 Nc6 3. Nc3 g6 4. d4 cxd4 5. Nxd4 Bg7 6. Nc2 d6 7. e4 Bxc3+ 8.
bxc3 Nf6 9. f3 Qa5 10. Rb1 Nd7 11. Be2 Qxc3+ 12. Bd2 Qg7 13. O-O Nc5 14. Qc1 g5
15. Rf2 Rg8 16. Ne3 Bd7 17. Bc3 Qg6 18. Nd5 Rc8 19. g4 b6 20. Bf1 Ne5 21. Bxe5
dxe5 22. Qa3 e6 23. Nb4 Rc7 24. Na6 Nxa6 25. Qxa6 Bc8 26. Qa3 Qf6 27. Qd6 Qe7
28. Qxe5 f6 29. Qb2 e5 30. c5 Rxc5 31. Rd2 Be6 32. Rbd1 Kf7 33. Bb5 Rc7 34. Ba4
Rgc8 35. Rd6 Kg6 36. h4 gxh4 37. Qf2 Rc1 38. Qxh4 Qxd6 39. g5 Rxd1+ 40. Bxd1
Qxd1+ 0-1

[Event "Stuttgarter Stadtmeisterschaft A"]
[Site "Ditzingen"]
[Date "2008.05.01"]
[Round "1.31"]
[White "Samu, Sorin-Mihai"]
[Black "Seifert, Martin"]
[Result "1-0"]
[WhiteElo "2176"]
[BlackElo "1932"]
[PlyCount "87"]
[EventDate "2008.05.??"]
[EventType "swiss"]
[EventRounds "7"]
[EventCountry "GER"]
[BlackTeam "SV Schwaikheim"]

1. e4 e6 2. c4 c5 3. Nc3 Nc6 4. Nf3 d6 5. d4 cxd4 6. Nxd4 e5 7. Nb3 f5 8. Bd3
fxe4 9. Bxe4 Be6 10. Bd5 Qd7 11. O-O Nf6 12. f4 O-O-O 13. fxe5 dxe5 14. Bg5 Be7
15. Bxf6 gxf6 16. Rc1 Kb8 17. Qf3 Nb4 18. Bxe6 Qxe6 19. a3 Nd3 20. Rc2 Qb6+ 21.
Kh1 Qxb3 22. Rd2 Qxc4 23. Rfd1 Nf4 24. Rd7 Rxd7 25. Rxd7 Qc8 26. Rxe7 Rd8 27.
g3 Nd5 28. Nxd5 Qc1+ 29. Kg2 Qd2+ 30. Kh3 Qh6+ 31. Kg4 Qg5+ 32. Kh3 Qh6+ 33.
Kg2 Qd2+ 34. Kg1 Rxd5 35. Qxf6 Qe3+ 36. Kg2 Qe2+ 37. Qf2 Rd2 38. Qxe2 Rxe2+ 39.
Kh3 e4 40. Rxh7 e3 41. g4 Kc8 42. g5 Kd8 43. g6 Ke8 44. Rh8+ 1-0

[Event "Stuttgarter Stadtmeisterschaft A"]
[Site "Ditzingen"]
[Date "2008.05.01"]
[Round "1.32"]
[White "Braun, Georg"]
[Black "Wolbert, Christian"]
[Result "1/2-1/2"]
[WhiteElo "1931"]
[BlackElo "2171"]
[PlyCount "49"]
[EventDate "2008.05.??"]
[EventType "swiss"]
[EventRounds "7"]
[EventCountry "GER"]
[WhiteTeam "SF Nabern"]
[BlackTeam "Heilbronner SV"]

1. e4 e6 2. d4 d5 3. Nc3 Nf6 4. Bg5 Bb4 5. e5 h6 6. Bd2 Bxc3 7. bxc3 Ne4 8. Bd3
Nxd2 9. Qxd2 c5 10. f4 Nc6 11. Nf3 Qa5 12. g4 h5 13. gxh5 cxd4 14. cxd4 Qxd2+
15. Kxd2 Rxh5 16. Rag1 Kf8 17. c3 Bd7 18. Ng5 Rh4 19. Nh7+ Ke7 20. Rxg7 Rh8 21.
Ke3 Rh6 22. Ke2 Nd8 23. a3 a6 24. Kd2 Rh4 25. Ke3 1/2-1/2

[Event "Stuttgarter Stadtmeisterschaft A"]
[Site "Ditzingen"]
[Date "2008.05.01"]
[Round "1.33"]
[White "Haag, Ulrich"]
[Black "Hittinger, Immanuel"]
[Result "1/2-1/2"]
[WhiteElo "2158"]
[BlackElo "1928"]
[PlyCount "56"]
[EventDate "2008.05.??"]
[EventType "swiss"]
[EventRounds "7"]
[EventCountry "GER"]
[WhiteTeam "SV Backnang"]
[BlackTeam "SK Bebenhausen 1992"]

1. d4 d5 2. c4 e5 3. dxe5 d4 4. Nf3 Nc6 5. g3 Bg4 6. Bg2 Qd7 7. O-O O-O-O 8. a3
Nge7 9. b4 Ng6 10. Qa4 Kb8 11. Nbd2 Ncxe5 12. b5 h5 13. Bb2 Nxf3+ 14. Nxf3 Bxf3
15. Bxf3 Bc5 16. Rad1 Qf5 17. Qb3 Ne5 18. Bd5 Rxd5 19. cxd5 Qh3 20. Rfe1 h4 21.
Bxd4 Ng4 22. Qf3 Qxh2+ 23. Kf1 Bxd4 24. Rxd4 hxg3 25. Rxg4 Qh3+ 26. Kg1 Qh2+
27. Kf1 Qh3+ 28. Kg1 Qh2+ 1/2-1/2

[Event "Stuttgarter Stadtmeisterschaft A"]
[Site "Ditzingen"]
[Date "2008.05.01"]
[Round "1.34"]
[White "Yin, Zixiao"]
[Black "Gabriel, Josef"]
[Result "0-1"]
[WhiteElo "1923"]
[BlackElo "2148"]
[PlyCount "76"]
[EventDate "2008.05.??"]
[EventType "swiss"]
[EventRounds "7"]
[EventCountry "GER"]
[WhiteTeam "SC Tarrasch 45 München"]
[BlackTeam "Stuttgarter SF 1879"]

1. g3 g6 2. Bg2 Bg7 3. c3 Nf6 4. Na3 O-O 5. d3 e5 6. Nf3 Nc6 7. Qa4 h6 8. O-O
d6 9. Nd2 Bd7 10. Qb3 Qc8 11. Nc2 Kh7 12. e4 Nh5 13. Ne3 f5 14. exf5 gxf5 15.
Qd1 Qe8 16. Nd5 Rc8 17. f4 Nd8 18. Bf3 Nf6 19. Nxf6+ Rxf6 20. fxe5 dxe5 21. Nc4
Bc6 22. Qe2 e4 23. Bh5 Qe7 24. d4 Bb5 25. g4 c5 26. d5 Nf7 27. b3 Rd8 28. Rxf5
Rxf5 29. gxf5 Bxc3 30. Bg6+ Kg7 31. Bb2 Bd4+ 32. Bxd4+ cxd4 33. Bxf7 Qxf7 34.
Qg4+ Kh7 35. Ne5 Rg8 36. Qg6+ Qxg6+ 37. fxg6+ Kg7 38. Rf1 Bxf1 0-1

[Event "Stuttgarter Stadtmeisterschaft A"]
[Site "Ditzingen"]
[Date "2008.05.01"]
[Round "1.35"]
[White "Meyner, Hannes"]
[Black "Fingerhut, Armin"]
[Result "1-0"]
[WhiteElo "2146"]
[BlackElo "1919"]
[PlyCount "65"]
[EventDate "2008.05.??"]
[EventType "swiss"]
[EventRounds "7"]
[EventCountry "GER"]
[WhiteTeam "SC Turm Lüneburg e.V."]
[BlackTeam "Vorw.Orient Mainz"]

1. d4 c5 2. d5 Nf6 3. Nc3 Qa5 4. Bd2 b5 5. e4 b4 6. e5 Ba6 7. Be2 bxc3 8. Bxc3
Qb6 9. exf6 gxf6 10. Nf3 d6 11. Nd2 Nd7 12. Nc4 Bxc4 13. Bxc4 Ne5 14. Be2 Bh6
15. g3 O-O-O 16. f4 Nd7 17. Qd2 Qb7 18. O-O Rhg8 19. Qd3 Nb6 20. Qxh7 Qxd5 21.
Bf3 Qc4 22. Rae1 Rh8 23. Qf5+ e6 24. Qxf6 Rh7 25. Qe7 Rd7 26. Qe8+ Kc7 27. Qg8
f5 28. Qxe6 Qxe6 29. Rxe6 d5 30. Be5+ Kd8 31. Bh5 Kc8 32. Bg6 Bxf4 33. Rxf4 1-0

[Event "Stuttgarter Stadtmeisterschaft A"]
[Site "Ditzingen"]
[Date "2008.05.01"]
[Round "1.36"]
[White "Rudhart, Michael"]
[Black "Weisenburger, Horst"]
[Result "0-1"]
[WhiteElo "1917"]
[BlackElo "2142"]
[PlyCount "36"]
[EventDate "2008.05.??"]
[EventType "swiss"]
[EventRounds "7"]
[EventCountry "GER"]
[WhiteTeam "Schachclub Feuerbach e. V."]
[BlackTeam "SAbt VfL Sindelfingen"]

1. d4 f5 2. g3 g6 3. Bg2 Bg7 4. c3 Nf6 5. Nd2 d6 6. Nh3 e5 7. dxe5 dxe5 8. Qb3
Nc6 9. O-O Qe7 10. Qb5 e4 11. f3 a6 12. Qb3 Be6 13. Qc2 O-O 14. fxe4 Qc5+ 15.
Kh1 fxe4 16. Nxe4 Nxe4 17. Qxe4 Rxf1+ 18. Bxf1 Bd5 0-1

[Event "Stuttgarter Stadtmeisterschaft A"]
[Site "Ditzingen"]
[Date "2008.05.01"]
[Round "1.37"]
[White "Scharping, Hans-Martin"]
[Black "Stoll, Guido"]
[Result "1/2-1/2"]
[WhiteElo "2138"]
[BlackElo "1914"]
[PlyCount "95"]
[EventDate "2008.05.??"]
[EventType "swiss"]
[EventRounds "7"]
[EventCountry "GER"]
[WhiteTeam "SV 23 Böckingen"]
[BlackTeam "Schach-Club Vaterstetten"]

1. d4 Nf6 2. Nf3 g6 3. Nc3 Bg7 4. Bf4 d6 5. Qd2 O-O 6. Bh6 Nbd7 7. Bxg7 Kxg7 8.
O-O-O c5 9. e4 Qc7 10. h4 h5 11. Ng5 cxd4 12. Qxd4 Qc5 13. Bc4 Qxd4 14. Rxd4
Ne5 15. Bb3 Bd7 16. Rhd1 Rac8 17. f4 Nc6 18. R4d2 Bg4 19. Re1 Nh7 20. Nxh7 Kxh7
21. Nd5 Kg7 22. Ne3 Na5 23. Nxg4 Nxb3+ 24. axb3 hxg4 25. e5 Rfd8 26. exd6 exd6
27. Re7 Rb8 28. Rd5 Re8 29. Rxe8 Rxe8 30. Rxd6 Re1+ 31. Rd1 Re2 32. g3 Re3 33.
Rd3 Rxd3 34. cxd3 Kf6 35. Kd2 Ke6 36. Ke3 f5 37. Kd4 Kd6 38. Kc4 Kc6 39. Kd4
Kd6 40. Kc4 Kc6 41. b4 b5+ 42. Kd4 Kd6 43. b3 a6 44. Ke3 Kd5 45. Ke2 Kd4 46.
Kd2 Kd5 47. Ke3 Ke6 48. Kd4 1/2-1/2

[Event "Stuttgarter Stadtmeisterschaft A"]
[Site "Ditzingen"]
[Date "2008.05.01"]
[Round "1.38"]
[White "Reder, Erik"]
[Black "Osmanovic, Faruk"]
[Result "1/2-1/2"]
[WhiteElo "1882"]
[BlackElo "2133"]
[PlyCount "101"]
[EventDate "2008.05.??"]
[EventType "swiss"]
[EventRounds "7"]
[EventCountry "GER"]
[WhiteTeam "SK e4 Gerlingen"]
[BlackTeam "SC Blau.Turm Bad Wimpfen"]

1. c4 Nf6 2. g3 e6 3. Bg2 d5 4. d4 dxc4 5. Qa4+ Nbd7 6. Qxc4 c5 7. Nf3 a6 8.
O-O b5 9. Qc2 Bb7 10. Nbd2 Rc8 11. Qd3 cxd4 12. Qxd4 Bc5 13. Qh4 O-O 14. Nb3
Be7 15. Nbd4 Rc5 16. Nb3 Rc4 17. Qg5 Ne4 18. Qe3 Qc7 19. Bd2 Ndf6 20. Ba5 Qb8
21. Nfd4 g6 22. Rac1 Rxc1 23. Rxc1 Rc8 24. h3 e5 25. Rxc8+ Qxc8 26. Nf3 Qc2 27.
Ng5 Qb1+ 28. Kh2 h6 29. Nxe4 Bxe4 30. f3 Bd5 31. Qxe5 Be6 32. Bc3 Qxa2 33. Qb8+
Kh7 34. Nd4 Nd5 35. Nxe6 Nxc3 36. bxc3 Qxe6 37. Qb7 h5 38. f4 h4 39. Qf3 hxg3+
40. Kxg3 a5 41. Qd3 b4 42. cxb4 Bxb4 43. Bd5 Qf6 44. e4 Be1+ 45. Kf3 Kg7 46.
Qe3 Bc3 47. Kg4 Be1 48. Kf3 Bc3 49. Kg4 Bd4 50. Qd2 Bc3 51. Qe3 1/2-1/2

[Event "Stuttgarter Stadtmeisterschaft A"]
[Site "Ditzingen"]
[Date "2008.05.01"]
[Round "1.39"]
[White "Lange, Jan-David"]
[Black "Giricz, Thomas"]
[Result "1/2-1/2"]
[WhiteElo "2132"]
[BlackElo "1875"]
[PlyCount "85"]
[EventDate "2008.05.??"]
[EventType "swiss"]
[EventRounds "7"]
[EventCountry "GER"]
[WhiteTeam "SC Tamm 74"]
[BlackTeam "SAbt VfL Sindelfingen"]

1. e4 Nf6 2. Nc3 d5 3. e5 d4 4. exf6 dxc3 5. fxg7 cxd2+ 6. Qxd2 Qxd2+ 7. Bxd2
Bxg7 8. O-O-O O-O 9. h4 Nc6 10. Nf3 e5 11. h5 h6 12. Rh4 Be6 13. Bc3 a5 14. a3
f6 15. Bc4 Bxc4 16. Rxc4 Rfd8 17. Nh4 Bf8 18. Nf5 Kh7 19. Bd2 Rd5 20. Be3 Rad8
21. Rxd5 Rxd5 22. f3 Rd7 23. Rg4 Ne7 24. Nxe7 Rxe7 25. Bc5 Rf7 26. Bxf8 Rxf8
27. Kd2 Rg8 28. Rxg8 Kxg8 29. g4 Kf7 30. Ke3 b5 31. b3 Ke6 32. Ke4 c6 33. f4
exf4 34. Kxf4 Ke7 35. Ke4 Ke6 36. Kd4 Kd6 37. c4 c5+ 38. Ke4 b4 39. axb4 cxb4
40. Kd4 Kc6 41. c5 Kc7 42. Kd3 Kd7 43. Kc4 1/2-1/2

[Event "Stuttgarter Stadtmeisterschaft A"]
[Site "Ditzingen"]
[Date "2008.05.01"]
[Round "1.40"]
[White "Büter, Norbert"]
[Black "Probst, Alexander"]
[Result "1/2-1/2"]
[WhiteElo "1874"]
[BlackElo "2129"]
[PlyCount "45"]
[EventDate "2008.05.??"]
[EventType "swiss"]
[EventRounds "7"]
[EventCountry "GER"]
[WhiteTeam "Sabt SpVgg Rommelshausen"]
[BlackTeam "SC Blau.Turm Bad Wimpfen"]

1. d4 Nf6 2. c4 g6 3. Nc3 d5 4. Bf4 Bg7 5. e3 c6 6. Nf3 O-O 7. Bd3 Nbd7 8. cxd5
Nxd5 9. Nxd5 cxd5 10. O-O e5 11. dxe5 Qe7 12. Qb3 Nxe5 13. Nxe5 Bxe5 14. Bxe5
Qxe5 15. Rac1 Be6 16. Qb4 Rfd8 17. Qd4 Qxd4 18. exd4 Rac8 19. Rfe1 Kf8 20. Kf1
Ke7 21. Ke2 Kd6 22. Kd2 Re8 23. Rxc8 1/2-1/2

[Event "Stuttgarter Stadtmeisterschaft A"]
[Site "Ditzingen"]
[Date "2008.05.01"]
[Round "1.41"]
[White "Scheeff, Volker"]
[Black "Budjav, Enkhjargal"]
[Result "1/2-1/2"]
[WhiteElo "2125"]
[BlackElo "1866"]
[PlyCount "125"]
[EventDate "2008.05.??"]
[EventType "swiss"]
[EventRounds "7"]
[EventCountry "GER"]
[WhiteTeam "Sabt SpVgg Rommelshausen"]
[BlackTeam "Stuttgarter SF 1879"]

1. e4 e5 2. Nf3 Nc6 3. Bb5 Nf6 4. d3 d6 5. O-O a6 6. Ba4 Be7 7. Nc3 O-O 8. h3
Bd7 9. a3 Nd4 10. Bxd7 Nxf3+ 11. Qxf3 Qxd7 12. g4 c6 13. Ne2 g6 14. Bh6 Rfc8
15. Ng3 Ne8 16. Kh2 Qe6 17. Qe3 Bf8 18. Bxf8 Kxf8 19. Qh6+ Kg8 20. f4 Ng7 21.
Rf2 Rf8 22. Raf1 exf4 23. Rxf4 Qe5 24. c3 c5 25. h4 Rae8 26. h5 Re6 27. hxg6
Rxg6 28. Qh4 Rg5 29. Nf5 f6 30. d4 Nxf5 31. exf5 cxd4 32. cxd4 Qe2+ 33. R1f2
Qe1 34. Qh3 Kg7 35. Qf3 Rf7 36. Re4 Qa5 37. Rfe2 Qc7 38. Kh3 Kf8 39. Re8+ Kg7
40. Qe4 h5 41. Rc2 hxg4+ 42. Kh4 Qd7 43. Rcc8 g3 44. Rg8+ Kh6 45. Qf4 Rfg7 46.
Rh8+ Rh7 47. Rcg8 Qxf5 48. Qxf5 Rxf5 49. Rxh7+ Kxh7 50. Rxg3 Rf4+ 51. Kh5 Rxd4
52. Rc3 Rd5+ 53. Kg4 Kg6 54. Rc7 Rb5 55. b4 a5 56. bxa5 Rxa5 57. Rxb7 Rxa3 58.
Rd7 Ra4+ 59. Kf3 Rd4 60. Ke3 Rd1 61. Kf3 Rd3+ 62. Ke2 Rd5 63. Ke3 1/2-1/2

[Event "Stuttgarter Stadtmeisterschaft A"]
[Site "Ditzingen"]
[Date "2008.05.01"]
[Round "1.42"]
[White "Marquardt, Patrick"]
[Black "Bogenschütze, Paul jr"]
[Result "1-0"]
[WhiteElo "1859"]
[BlackElo "2102"]
[PlyCount "85"]
[EventDate "2008.05.??"]
[EventType "swiss"]
[EventRounds "7"]
[EventCountry "GER"]
[WhiteTeam "SG Donautal Tuttlingen"]
[BlackTeam "SF Deizisau"]

1. e4 c5 2. Nf3 d6 3. d4 cxd4 4. Nxd4 Nf6 5. Nc3 g6 6. Bc4 Bg7 7. Bb3 O-O 8. f3
Nc6 9. Be3 a5 10. Qd2 Bd7 11. O-O-O Nxd4 12. Bxd4 b5 13. g4 a4 14. Bd5 b4 15.
Ne2 Rb8 16. Kb1 Qc7 17. b3 Rfc8 18. h4 Nxd5 19. exd5 Bxd4 20. Nxd4 Qc3 21. h5
a3 22. Qxc3 Rxc3 23. hxg6 hxg6 24. Rh2 Kg7 25. Rdh1 Kf6 26. Re1 e5 27. dxe6
Bxe6 28. Rhe2 Bd5 29. f4 Rh8 30. g5+ Kg7 31. f5 Rh4 32. Rd2 Re3 33. Red1 Rg4
34. f6+ Kf8 35. Nb5 Bf3 36. Rh2 Kg8 37. Rf1 Bg2 38. Rd1 Bf3 39. Rf1 d5 40. Nd6
Rxg5 41. Rh8+ Kxh8 42. Nxf7+ Kg8 43. Nxg5 1-0

[Event "Stuttgarter Stadtmeisterschaft A"]
[Site "Ditzingen"]
[Date "2008.05.01"]
[Round "1.43"]
[White "Fahnenschmidt, Gerhard"]
[Black "Bauer, Dieter"]
[Result "0-1"]
[WhiteElo "2101"]
[BlackElo "1854"]
[PlyCount "121"]
[EventDate "2008.05.??"]
[EventType "swiss"]
[EventRounds "7"]
[EventCountry "GER"]
[WhiteTeam "SAbt VfL Sindelfingen"]
[BlackTeam "SK Bebenhausen 1992"]

1. c4 Nf6 2. Nc3 e6 3. e4 c5 4. e5 Ng8 5. Nf3 Nc6 6. d4 cxd4 7. Nxd4 a6 8. Bf4
Qa5 9. Nb3 Qc7 10. Qe2 Bb4 11. Rc1 Nge7 12. a3 Bxc3+ 13. Rxc3 Ng6 14. Bg3 h5
15. h4 b6 16. f4 Nge7 17. Bf2 Nf5 18. g3 Bb7 19. Bg2 Nce7 20. Bxb7 Qxb7 21. O-O
g6 22. Rd1 O-O 23. g4 hxg4 24. Qxg4 Rfd8 25. h5 d6 26. hxg6 Nxg6 27. exd6 Rxd6
28. Rxd6 Nxd6 29. Bd4 Nf5 30. Bf6 Qe4 31. Rh3 Qe1+ 32. Kg2 Ne3+ 33. Rxe3 Qxe3
34. f5 exf5 35. Qxf5 Qxb3 36. Qe4 Rc8 37. Bc3 Qxc4 38. Qe3 Qg4+ 39. Kh1 Nf4 40.
Qe4 Rd8 41. Be1 Qe2 42. Qxf4 Qxe1+ 43. Kg2 Qd2+ 44. Kf3 Qxf4+ 45. Kxf4 Rd2 46.
b4 Ra2 47. Ke5 Rxa3 48. Kd5 Rc3 49. Kd4 Rc8 50. Kd3 a5 51. bxa5 bxa5 52. Ke4 a4
53. Kf5 a3 54. Kf6 a2 55. Ke7 f5 56. Kd7 Rc1 57. Ke6 f4 58. Kd5 f3 59. Ke4 f2
60. Ke3 f1=Q 61. Kd2 0-1

[Event "Stuttgarter Stadtmeisterschaft A"]
[Site "Ditzingen"]
[Date "2008.05.01"]
[Round "1.44"]
[White "Weißbeck, Simon"]
[Black "Turski, Tomasz"]
[Result "0-1"]
[WhiteElo "1831"]
[BlackElo "2097"]
[PlyCount "90"]
[EventDate "2008.05.??"]
[EventType "swiss"]
[EventRounds "7"]
[EventCountry "GER"]
[WhiteTeam "Heilbronner SV"]
[BlackTeam "Schachclub Ingersheim eV"]

1. e4 d6 2. d4 Nf6 3. Nc3 c6 4. Be3 g6 5. f3 Bg7 6. Qd2 O-O 7. Nge2 Nbd7 8. Bh6
e5 9. h4 Qe7 10. Bxg7 Kxg7 11. O-O-O b5 12. h5 Nb6 13. Ng3 Be6 14. dxe5 dxe5
15. Qg5 Nbd7 16. Nf5+ Bxf5 17. exf5 h6 18. Qg3 g5 19. Bd3 Nc5 20. Ne4 Rad8 21.
Nxc5 Qxc5 22. Qe1 Rfe8 23. Be4 Rxd1+ 24. Qxd1 Nxe4 25. fxe4 Qe3+ 26. Kb1 Qxe4
27. Qd7 Qxg2 28. Rd1 Qf3 29. Kc1 Rf8 30. Rd6 e4 31. f6+ Kg8 32. Qe7 Qe3+ 33.
Kd1 Qb6 34. Qxe4 Qg1+ 35. Qe1 Qxe1+ 36. Kxe1 Re8+ 37. Kf2 Re6 38. Rd8+ Kh7 39.
Rd7 Rxf6+ 40. Kg3 a5 41. Ra7 a4 42. c4 Kg7 43. Ra5 Rf5 44. Ra6 Rc5 45. cxb5
Rxb5 0-1

[Event "Stuttgarter Stadtmeisterschaft A"]
[Site "Ditzingen"]
[Date "2008.05.01"]
[Round "1.45"]
[White "Reck, Moritz"]
[Black "Wolff, Cascal"]
[Result "1-0"]
[WhiteElo "2094"]
[BlackElo "1832"]
[PlyCount "75"]
[EventDate "2008.05.??"]
[EventType "swiss"]
[EventRounds "7"]
[EventCountry "GER"]
[WhiteTeam "SK Bebenhausen 1992"]
[BlackTeam "SAbt TSV Willsbach"]

1. d4 d5 2. c4 e6 3. Nc3 Nf6 4. Bg5 Be7 5. e3 O-O 6. Nf3 Nbd7 7. Bd3 dxc4 8.
Bxc4 Re8 9. O-O Nf8 10. Qb3 c6 11. a4 Nd5 12. Bxe7 Nxe7 13. e4 Kh8 14. Ng5 Kg8
15. Rad1 Nfg6 16. d5 Nxd5 17. Nxf7 Kxf7 18. exd5 exd5 19. Nxd5 Kf8 20. Qf3+ Kg8
21. Ne7+ Kh8 22. Rxd8 Rxd8 23. Nxg6+ hxg6 24. Bd3 Bf5 25. Bxf5 gxf5 26. Qxf5
Rf8 27. Qd7 Rab8 28. g4 b5 29. g5 bxa4 30. g6 Rf6 31. Qh3+ Kg8 32. Qh7+ Kf8 33.
Qh8+ Ke7 34. Qxg7+ Ke6 35. f4 Kf5 36. Kh1 Rxb2 37. Qh7 Rxg6 38. Rg1 1-0

[Event "Stuttgarter Stadtmeisterschaft A"]
[Site "Ditzingen"]
[Date "2008.05.01"]
[Round "1.46"]
[White "Winkler, Stefan"]
[Black "Meyer, Peter"]
[Result "0-1"]
[WhiteElo "1824"]
[BlackElo "2090"]
[PlyCount "84"]
[EventDate "2008.05.??"]
[EventType "swiss"]
[EventRounds "7"]
[EventCountry "GER"]
[WhiteTeam "SC Starnberg"]
[BlackTeam "SC Oberwinden 1957 e.V."]

1. e4 e6 2. d4 d5 3. Nd2 Be7 4. e5 c5 5. c3 Nc6 6. Ne2 cxd4 7. cxd4 Nh6 8. f4
Nf5 9. Nf3 Qb6 10. g3 h5 11. Bh3 a5 12. O-O g6 13. Bxf5 gxf5 14. h4 Bd7 15. Nc3
Rg8 16. Kh2 Rg4 17. Na4 Qb5 18. Nc3 Qa6 19. Be3 a4 20. Kh3 a3 21. b3 Nb4 22.
Nh2 Rc8 23. Rc1 Nd3 24. Rc2 Nb4 25. Rc1 Qd3 26. Qd2 Qxd2 27. Bxd2 Rg8 28. Rf3
Kf8 29. Re3 Kg7 30. Nf3 Rc7 31. Ng1 Rgc8 32. Nge2 Bf8 33. Kg2 Nxa2 34. Nxa2 Rc2
35. Bb4 Rxa2 36. Bxf8+ Kxf8 37. Rxc8+ Bxc8 38. b4 Rc2 39. Kf3 a2 40. Ra3 Bd7
41. Ke3 Bb5 42. Ng1 Rc3+ 0-1

[Event "Stuttgarter Stadtmeisterschaft A"]
[Site "Ditzingen"]
[Date "2008.05.01"]
[Round "1.47"]
[White "Imhof, Thomas"]
[Black "Viehoff, Jürgen"]
[Result "1-0"]
[WhiteElo "2088"]
[BlackElo "1812"]
[PlyCount "111"]
[EventDate "2008.05.??"]
[EventType "swiss"]
[EventRounds "7"]
[EventCountry "GER"]
[WhiteTeam "SGem Vaihingen-Rohr"]
[BlackTeam "SC Stetten a.d.F."]

1. e4 c6 2. d4 d5 3. e5 Bf5 4. Bd3 Bxd3 5. Qxd3 e6 6. Nf3 Qa5+ 7. c3 Qa6 8.
Qxa6 Nxa6 9. O-O Ne7 10. Bf4 Nf5 11. Nbd2 Be7 12. Rfe1 c5 13. a3 Rc8 14. g4 Nh4
15. Nxh4 Bxh4 16. Nf3 Be7 17. Rad1 h6 18. Be3 c4 19. Nd2 Nb8 20. Kg2 Nc6 21. f4
g6 22. Rf1 Kd7 23. f5 gxf5 24. gxf5 Rcg8+ 25. Kh1 Bg5 26. Rde1 Rg7 27. f6 Rg6
28. Bxg5 Rxg5 29. Rg1 Rhg8 30. h4 Rg4 31. Rxg4 Rxg4 32. Nf3 Ke8 33. Rg1 Rxg1+
34. Kxg1 Nb8 35. Nh2 Nd7 36. Ng4 Nb6 37. Nxh6 Na4 38. h5 Nxb2 39. Nf5 Nd3 40.
h6 Nf4 41. h7 Ng6 42. Nd6+ Kf8 43. Nxb7 Nh8 44. Nd8 Ke8 45. Nc6 Kd7 46. Nxa7
Kc7 47. Kg2 Kb6 48. Kg3 Ka5 49. Kg4 Ka4 50. Kg5 Kxa3 51. Kh6 Kb3 52. Nb5 Ka4
53. Kg7 Kxb5 54. Kxh8 Ka4 55. Kg7 Kb3 56. h8=Q 1-0

[Event "Stuttgarter Stadtmeisterschaft A"]
[Site "Ditzingen"]
[Date "2008.05.01"]
[Round "1.48"]
[White "Stegmaier, Michael"]
[Black "Scherer, Holger"]
[Result "1/2-1/2"]
[WhiteElo "1802"]
[BlackElo "2084"]
[PlyCount "82"]
[EventDate "2008.05.??"]
[EventType "swiss"]
[EventRounds "7"]
[EventCountry "GER"]
[WhiteTeam "SC Tamm 74"]
[BlackTeam "SK Lauffen"]

1. Nf3 Nf6 2. c4 g6 3. Nc3 Bg7 4. g3 O-O 5. Bg2 d6 6. O-O Nbd7 7. d4 e5 8. dxe5
dxe5 9. Bg5 h6 10. Bxf6 Bxf6 11. Qd2 Bg7 12. Rad1 c6 13. Ne4 Qb6 14. Nd6 Nc5
15. Nxc8 Raxc8 16. Qe3 e4 17. Nd2 f5 18. Rb1 Rcd8 19. b4 Na4 20. c5 Qb5 21.
Qb3+ Kh7 22. Nc4 Nc3 23. Rb2 Qa4 24. Qxa4 Nxa4 25. Rc2 Nc3 26. Rfc1 Nb5 27. e3
Rd7 28. a4 Nc7 29. Bf1 Na6 30. Rb1 Nc7 31. b5 cxb5 32. axb5 Ne6 33. c6 Rc7 34.
Nd6 bxc6 35. Rxc6 Rd7 36. Nxe4 Nd8 37. Rd6 Rc7 38. Nd2 Nf7 39. Rc6 Rd7 40. Nf3
Rfd8 41. Be2 Ne5 1/2-1/2

[Event "Stuttgarter Stadtmeisterschaft A"]
[Site "Ditzingen"]
[Date "2008.05.01"]
[Round "1.49"]
[White "Kubacsny, Vilmos"]
[Black "Kreiter, Thomas"]
[Result "1-0"]
[WhiteElo "2080"]
[BlackElo "1781"]
[PlyCount "144"]
[EventDate "2008.05.??"]
[EventType "swiss"]
[EventRounds "7"]
[EventCountry "GER"]
[WhiteTeam "SF Conweiler"]
[BlackTeam "SC Tamm 74"]

1. d4 d5 2. Nf3 Nf6 3. g3 Bf5 4. Bg2 c6 5. O-O e6 6. Nbd2 Bd6 7. b3 Nbd7 8. Bb2
h6 9. Rc1 O-O 10. c4 Rc8 11. Nh4 Bh7 12. Nhf3 c5 13. e3 a6 14. Ne5 Nb6 15. f4
Nfd7 16. Kh1 Nxe5 17. fxe5 Be7 18. Qe2 Qd7 19. cxd5 Nxd5 20. Ne4 cxd4 21. Bxd4
Ba3 22. Rcd1 Qc7 23. Nd6 Bxd6 24. exd6 Qxd6 25. e4 f6 26. exd5 exd5 27. Rd2
Rfe8 28. Qg4 Kh8 29. Qh5 Qb4 30. Rfd1 Re7 31. Re2 Rc2 32. Rxe7 Qxe7 33. Qg4 Be4
34. Bxe4 Qxe4+ 35. Qxe4 dxe4 36. a3 e3 37. Bxe3 Rc3 38. Bc1 Rxb3 39. Rd2 Rb1
40. Rc2 b5 41. Kg2 a5 42. Bb2 b4 43. axb4 axb4 44. Kf3 Rd1 45. Ke3 Rd7 46. Rc8+
Kh7 47. Rb8 Re7+ 48. Kf3 Kg6 49. Rxb4 h5 50. h4 Kh6 51. Rb6 Kg6 52. Bd4 Rd7 53.
Ke4 Re7+ 54. Kf4 Rd7 55. Rb4 Rd5 56. Ke4 Rd7 57. Ra4 Re7+ 58. Kf4 Rd7 59. Ba1
Rd5 60. Ra7 Kh6 61. Ke4 Rd6 62. Bd4 g5 63. Be3 Kg6 64. hxg5 fxg5 65. Ra5 Re6+
66. Kd3 Rd6+ 67. Ke2 Kh7 68. Rxg5 Rh6 69. Ra5 Rg6 70. Rxh5+ Kg7 71. Rg5 Kh6 72.
Rxg6+ Kxg6 1-0